Logo BPK

Bibliografia Prac Pracowników

Politechniki Koszalińskiej

Procesy oczyszczania gnojowicy a możliwości usprawnienia gospodarki ściekowej na przykładzie fermy w Skaryszewie / (Rekord nr 7367)

Szczegóły MARC
000 -ETYKIETA REKORDU
podpole kontrolne o stałej długości 01044naa a22002297a 4500
003 - IDENTYFIKATOR NUMERU KONTROLNEGO REKORDU
podpole kontrolne BPK
005 - DATA OSTATNIEJ MODYFIKACJI REKORDU
podpole kontrolne 20180219121824.0
008 - POLE O STAŁEJ DŁUGOŚCI - DANE KONTROLNE
podpole kontrolne o stałej długości 160226b1979 pl ||||| |||| 10| 0 pol
040 ## - ŹRÓDŁO KATALOGOWANIA
Instytucja, która utworzyła rekord BPK
080 ## - UNIWERSALNA KLASYFIKACJA DZIESIĘTNA - UKD
UKD 628.3
100 ## - NAZWA OSOBOWA
Nazwa osobowa MALEJ, Józef.
Lata pracy 1971 - 1996.
Instytucja Wyższa Szkoła Inżynierska w Koszalinie - Instytut Inżynierii Środowiska,
Wydział Zakład Technologii Wody i Ścieków
245 ## - TYTUŁ/ODPOWIEDZIALNOŚĆ
Tytuł Procesy oczyszczania gnojowicy a możliwości usprawnienia gospodarki ściekowej na przykładzie fermy w Skaryszewie /
Pozostałe elementy strefy tytułu i oznaczenia odpowiedzialności Józef Malej.
260 ## - STREFA ADRESU WYDAWNICZEGO
Data publikacji, dystrybucji/powstania dokumentu 1979.
500 ## - UWAGI OGÓLNE
Tekst uwagi Dane z kartoteki bpp.
650 #0 - HASŁO PRZEDMIOTOWE W FORMIE NAZWY OGÓLNEJ LUB JEDNOSTKOWEJ
Nazwa ogólna lub geograficzna Ścieki.
650 #0 - HASŁO PRZEDMIOTOWE W FORMIE NAZWY OGÓLNEJ LUB JEDNOSTKOWEJ
Nazwa ogólna lub geograficzna Gnojowica.
650 #0 - HASŁO PRZEDMIOTOWE W FORMIE NAZWY OGÓLNEJ LUB JEDNOSTKOWEJ
Nazwa ogólna lub geograficzna Oczyszczalnia ścieków.
655 #0 - TERMIN INDEKSOWY - OKREŚLENIE RODZAJU/FORMY DOKUMENTU
Określnie rodzaju/formy dokumentu Materiały konferencyjne.
773 ## - TYTUŁ DOKUMENTU MACIERZYSTEGO
Wyrażenie wprowadzające W :
Tytuł Problemy budownictwa rolniczego : Materiały z Konferencji Naukowo-Technicznej. -
Adres wydawniczy Koszalin : Wydaw. Wyższej Szkoły Inżynierskiej, 1979. -
Informacje dotyczące relacji s. 77-91
711 ## - HASŁO DODATKOWE - NAZWA IMPREZY
Nazwa imprezy Konferencja Naukowo-Techniczna "Problemy budownictwa rolniczego"
Oznaczenie części/sekcji dzieła (1 ;
Data imprezy (1979 ;
Miejsce imprezy Koszalin, Polska).
942 ## - HASŁO DODATKOWE - ELEMENTY(KOHA)
Typ dokumentu Artykuł
Schemat klasyfikacji Uniwersalna klasyfikacja dziesiętna

Brak dostępnych egzemplarzy.

© 2014 Biblioteka Politechniki Koszalińskiej :: BIBLIOGRAFIA PRAC PRACOWNIKÓW